01329nam a2200349 a 4500001001100000003000800011006001900019007001500038008004100053010001700094020002700111020002200138040002100160035002100181050002600202082001600228100003000244245011200274260004400386300001400430504005600444533015200500650001500652650002300667650003100690650004300721655002900764700002500793710001700818856012500835999001900960ebr2004104CaPaEBRm u cr cn|||||||||971003s1998 enk sb 000 0 eng  z 97041065  z0415166551 (hardcover) z041516656X (pbk.) aCaPaEBRcCaPaEBR a(OCoLC)22803982914aHQ755.8b.B657 1998eb04a306.8742211 aBooth, Timothy A.,d1947-10aGrowing up with parents who have learning difficultiesh[electronic resource] /cTim Booth and Wendy Booth. aLondon :aNew York :bRoutledge,c1998. ax, 222 p. aIncludes bibliographical references (p. [214]-222). aElectronic reproduction.bPalo Alto, Calif. :cebrary,d2013.nAvailable via World Wide Web.nAccess may be limited to ebrary affiliated libraries. 0aParenting. 0aLearning disabled. 0aParents with disabilities. 0aChildren of parents with disabilities. 7aElectronic books.2local1 aBooth, Wendy,d1946-2 aebrary, Inc.40uhttp://site.ebrary.com/lib/rucke/Doc?id=2004104zAn electronic book accessible through the World Wide Web; click to view c225446d225446